Todas as músicas da Fresno - Statistics

Estatísticas Gerais
  • Esse quiz foi jogado 36 vezes
  • A pontuação média é 31 de 105
Estatísticas das Respostas
Álbum Resposta % Correto
Álbum 4 Milonga
80%
Álbum 5 Porto Alegre
73%
Álbum 3 Quebre As Correntes
73%
Álbum 4 Desde Quando Você Se Foi
67%
Álbum 6 Diga, Parte 2
67%
Álbum 6 Infinito
67%
EP Manifesto
67%
Álbum 4 Polo
67%
Álbum 8 Sua Alegria foi Cancelada
67%
Álbum 4 Uma Música
67%
EP Eu Sou a Maré Viva
60%
Álbum 4 Alguém Que Te Faz Sorrir
53%
Álbum 3 Alguém Que te Faz Sorrir
53%
Álbum 3 Cada Poça Dessa Rua Tem um Pouco de Minhas Lágrimas
53%
Álbum 5 Deixa o Tempo
53%
Álbum 4 Redenção
53%
Álbum 5 Eu Sei
47%
Álbum 6 Farol
47%
Álbum 6 Maior Que as Muralhas
47%
Álbum 8 Natureza Caos
47%
Álbum 7 O Ar
47%
Álbum 8 Quando Eu Caí
47%
Álbum 7 A Sinfonia de Tudo Que Há
40%
Álbum 8 Cada Acidente
40%
Álbum 8 Convicção
40%
Álbum 6 Homem ao Mar
40%
Álbum 8 O Arrocha Mais Triste do Mundo
40%
Álbum 2 Onde Está
40%
Single Onde Fica a Estrela
40%
Álbum 7 Sexto Andar
40%
Álbum 8 We'll Fight Together
40%
Single Acordar
33%
Álbum 8 De Verdade
33%
Álbum 5 Die Lüge
33%
Álbum 4 Europa
33%
Álbum 2 Evaporar
33%
Álbum 3 Infância
33%
Álbum 8 Isso Não é Um Teste
33%
Álbum 7 Poeira Estelar
33%
Álbum 5 Revanche
33%
Álbum 1 Stonehenge
33%
Álbum 1 Teu Semblante
33%
Álbum 6 Vida (Biografia em Ré Menor)
33%
Álbum 7 Abrace Sua Sombra
27%
Álbum 3 A Resposta
27%
Álbum 7 Axis Mundi
27%
Álbum 7 Hoje Sou Trovão
27%
Álbum 2 Impossibilidades
27%
Álbum 1 Mais um Soldado
27%
Álbum 4 Não Quero Lembrar
27%
Álbum 6 O Resto É Nada Mais (O Sonho de um Visconde)
27%
Álbum 5 Quando Crescer
27%
Álbum 5 Relato de um Homem de Bom Coração
27%
Álbum 3 Absolutamente Nada
20%
Álbum 7 A Maldição
20%
Álbum 5 A Minha História Não Acaba Aqui
20%
Álbum 7 Astenia
20%
Álbum 5 Canção da Noite (Todo Mundo Precisa de Alguém)
20%
Álbum 7 Canção Desastrada
20%
Álbum 1 Carta
20%
Álbum 4 Contas Vencidas
20%
Álbum 7 Deixa Queimar
20%
Álbum 2 Duas Lágrimas
20%
Álbum 8 Eu Não Sei Lidar
20%
EP Icarus
20%
Álbum 3 Logo Você
20%
Álbum 4 Passado
20%
Álbum 2 Pergunta
20%
Álbum 3 Soneto para Petr Cech
20%
Álbum 6 Sutjeska
20%
Álbum 1 1 Eu Sem 1 Você
13%
EP A Gente Morre Sozinho
13%
EP À Prova de Balas
13%
Álbum 1 Carpe Diem
13%
Álbum 6 Cativeiro (Ana Cruse)
13%
EP Crocodilia
13%
Álbum 3 Enferrujou
13%
Álbum 5 Esteja Aqui
13%
Álbum 2 Experiência
13%
Álbum 4 Goodbye
13%
EP Infinito (Lá, Parte 2 - Acústico)
13%
Álbum 5 Não Leve a Mal
13%
EP Não Vou Mais
13%
Álbum 5 Nesse Lugar
13%
Álbum 1 O Gelo
13%
Álbum 3 O Que Hoje Você Vê
13%
Álbum 2 O Que Sobrou
13%
Álbum 2 Orgulho
13%
EP O Único a Perder
13%
Álbum 2 Outra Vez
13%
Álbum 2 Planos e Promessas
13%
Álbum 1 Se Algum Dia Eu Não Acordar
13%
Álbum 4 Sobre Todas As Coisas Que Eu...
13%
Álbum 6 Sobreviver e Acreditar
13%
Álbum 1 Sono Profundo
13%
Álbum 2 Velha História
13%
Álbum 4 Você Perdeu de Novo
13%
Single Deixa a Alma Escapar
7%
Álbum 1 Desde Já
7%
Single Hoje Sou Trovão, Pt.2
7%
Álbum 3 O Peso do Mundo
7%
EP Relato de um Homem de Bom Coração - Versão 2
7%
Álbum 6 Seis
7%
Álbum 5 Se Você Voltar
7%
Álbum 2 Verdades Que Tanto Guardei
7%
Nenhum quiz correspondente encontrado
Distribuição das Pontuações
Porcentagem de Pessoas com Cada Pontuação
Percentil de Números Respondidos
Sua Pontuação Histórica
Você não jogou esse quiz